The Clinical pathology of pregnancy and the newborn infant / (Record no. 3605)
[ view plain ]
| 000 -LEADER | |
|---|---|
| fixed length control field | 00964nac a22002411u 4500 |
| 020 ## - INTERNATIONAL STANDARD BOOK NUMBER | |
| International Standard Book Number | 0713144335 |
| 082 ## - DEWEY DECIMAL CLASSIFICATION NUMBER | |
| Classification number | 618.3 |
| Item number | C371 |
| 090 ## - LOCALLY ASSIGNED LC-TYPE CALL NUMBER (OCLC); LOCAL CALL NUMBER (OCLC) | |
| -- | 3605 |
| -- | 3605 |
| 100 ## - MAIN ENTRY--PERSONAL NAME | |
| Personal name | 20080729 |
| 245 ## - TITLE STATEMENT | |
| Title | The Clinical pathology of pregnancy and the newborn infant / |
| Statement of responsibility, etc | [edited by] Maurice N. CauchiGwendolyn L. Gilbert, James B. Brown ; with a foreword by Roger Pepperell. |
| 260 ## - PUBLICATION, DISTRIBUTION, ETC. (IMPRINT) | |
| Place of publication, distribution, etc | London : |
| Name of publisher, distributor, etc | Edward Arnold, 1984. |
| Date of publication, distribution, etc | 1984 |
| 300 ## - PHYSICAL DESCRIPTION | |
| Extent | 373p.: |
| Other physical details | ill.; |
| Dimensions | 24 cm. |
| 500 ## - GENERAL NOTE | |
| General note | Donations |
| 500 ## - GENERAL NOTE | |
| General note | Donations-Bibliotheca Alexandrina |
| 504 ## - BIBLIOGRAPHY, ETC. NOTE | |
| Bibliography, etc | Includes bibliographies and index |
| 650 ## - SUBJECT ADDED ENTRY--TOPICAL TERM | |
| Topical term or geographic name as entry element | Pregnancy, Complications of |
| 650 ## - SUBJECT ADDED ENTRY--TOPICAL TERM | |
| Topical term or geographic name as entry element | Pregnant women |
| General subdivision | Diseases |
| 700 ## - ADDED ENTRY--PERSONAL NAME | |
| Personal name | Cauchi, Maurice N. |
| 700 ## - ADDED ENTRY--PERSONAL NAME | |
| Personal name | Gilbert, Gwendolyn L |
| 700 ## - ADDED ENTRY--PERSONAL NAME | |
| Personal name | Brown, James B. |
| 942 ## - ADDED ENTRY ELEMENTS (KOHA) | |
| Item type | Book - Borrowing |
| Call number prefix | 618.3C371 |
| Withdrawn status | Item status | Source of classification or shelving scheme | Damaged status | Not for loan | Home library | Current library | Shelving location | Date acquired | Source of acquisition | Total Checkouts | Total Renewals | Full call number | Barcode | Date last seen | Date last borrowed | Koha item type |
|---|---|---|---|---|---|---|---|---|---|---|---|---|---|---|---|---|
| Dewey Decimal Classification | Central Library | Central Library | First floor | 02/05/2007 | Purchase | 4 | 30 | 618.3 CLI | 000030348 | 15/07/2025 | 21/11/2022 | Book - Borrowing |